000 00574nam a2200193Ia 4500
008 191130s2000##################000#0#eng##
020 _a9789065449412
040 _aACL
_cACL
082 _a346.02 BLA.3
245 _aInternational encyclopaedia of laws - contracts
_ceditor, R.Blanpain
260 _aHague
_bKluwer Law International
_c2000
300 _a507 p. ; 25 cm
500 _aIncludes bibliographical references and index
650 _aContracts
700 _aBlanpain, R
990 _a17182f6eac10000c10ae5f6c9104f5bc
991 _a397264
999 _c267934
_d267934